01020nam a2200241Ia 450000100060000000300090000600800410001504000130005604000130006904100130008210000180009510000290011324500720014224500710021425000110028526000110029626000120030726000490031930000430036850003080041165000280071965000310074713130IT-RoPAU130308s9999 xx 000 0 und d aIT-RoPAU cIT-RoPAU aITALIANO aColombo Furio gCodice Aut. SPICS: 7899 aRabbia e televisione -Riflessioni sugli effetti imprevisti della Tv bRabbia e Televisione-Riflessioni Sugli Effetti Imprevisti della Tv a1a ed. aMILANO bSugarco c1981 [1° Ed.:1981 - Ed.Ling.Originale:1981] a"176 p. (prefazione: no ; testo: 176)" aComunicazione selvaggia terremoto e Televisione in Italia John Lennon Televisione e Città Emergenza in Televisione notizia Industria della Paura Pessimismo nella Comunicazione Guerra tra Realtà e immagine Televisione e Verità notizie e I Bambini futuro delle informazioni Dirigere le Comunicazioni aSAGGI SULLA TELEVISIONE eCodice materia Spics: 6961